000 00481nam a2200181Ia 4500
008 230711s9999||||xx |||||||||||||| ||und||
020 _a978-93-325-5188-6
041 _aENG
082 _a658.15
_bMA-F
100 _aMarshall, John F
245 0 _aFinancial engineering
_bA complete guide to financial innovation
250 _a1st Ed.
260 _c2016
_aNew Delhi
_bPearson
300 _a728p.
650 _aUNIVESITY BUSNIESS SCHOOL
700 _aBansal,Vipul K
942 _cBK
999 _c5956
_d5956